Algebraic homogeneous spaces and invariant theory /

Bibliographic Details
Main Author: Grosshans, Frank D., 1942-
Format: Book
Language:English
Published: Berlin ; New York : Springer, [1997]
Series:Lecture notes in mathematics (Springer-Verlag) ; 1673.
Subjects:

MARC

Tag First Indicator Second Indicator Subfields
LEADER 00000cam a22000008a 4500
001 in00001418521
005 20151020061901.0
008 970908s1997 gw b 001 0 eng
010 |a  97041173  
015 |a GB98-7 
019 |a 38112708 
020 |a 3540636285 (softcover) 
035 |a (OCoLC)37675836 
035 |9 AHP0308AM 
040 |a DLC  |c DLC  |d MIA  |d GZM  |d UKM  |d TXA  |d UtOrBLW 
049 |a TXAM 
050 0 0 |a QA3  |b .L28 no.1673  |a QA244 
082 0 0 |a 510 s  |a 512.9/44  |2 21 
100 1 |a Grosshans, Frank D.,  |d 1942- 
245 1 0 |a Algebraic homogeneous spaces and invariant theory /  |c Frank D. Grosshans. 
264 1 |a Berlin ;  |a New York :  |b Springer,  |c [1997] 
264 4 |c ©1997 
300 |a vi, 148 pages ;  |c 24 cm. 
336 |a text  |b txt  |2 rdacontent 
337 |a unmediated  |b n  |2 rdamedia 
338 |a volume  |b nc  |2 rdacarrier 
490 1 |a Lecture notes in mathematics ;  |v 1673 
504 |a Includes bibliographical references (pages [138]-145) and index. 
650 0 |a Algebraic spaces. 
650 0 |a Invariants. 
650 0 |a Group actions (Mathematics) 
830 0 |a Lecture notes in mathematics (Springer-Verlag) ;  |v 1673. 
948 |a c:blr 
999 |a MARS 
999 f f |s 96a40144-289f-3b7b-be06-557118c4a99f  |i e45441e2-b34b-386b-935e-dbe740840abf  |t 0 
952 f f |p ric  |a Texas A&M University  |b Rellis Campus  |c Joint Library Facility  |d Remote Storage  |t 0  |e QA3 .L28 no.1673  |h Library of Congress classification  |i unmediated -- volume  |m A14822398662 
998 f f |a QA3 .L28 no.1673  |t 0  |l Remote Storage